000 00745nam a2200253Ia 4500
003 OSt
005 20221007063500.0
006 a|||||r|||| 00| 0
007 ta
008 221006b |||||||| |||| 00| 0 eng d
024 _a27,055
037 _cReports / Technical Reports
040 _aFLL
_cFLL
_beng
041 _2eng
_aeng
082 _aZ73:9592y7, J2;1
100 _aMccormick Charles T.
_9684345
245 0 _aDamages
250 _a2nd
260 _aBrooklyn
_bThe Foundation Press, Inc. Brooklyn
_c1952
300 _axxvii,762p
_ccm.
700 _a Fritz William F.
_9684346
942 _hZ73:9592y7, J2;1
_cREP
_2CC
999 _c1131353
_d1131353